00770 2200253 4500001002100000005001700021008004100038020001800079035002400097082001100121090002300132100002300155245010200178250001100280260003100291300002900322500004800351650002100399700001800420700002000438850001500458990002100473999002200494YOGYA-0209000005535320090227033520.0 ind  a979-21-0497-4 0010-020900000055353 a028.55 a028.55bRab LlDEP aRABEN-KORCH, Bente aLima roti dan dua ikancBente Raben-Korch ; penerjemah, M.Ivonna Indah ; ilustrator, Isidre Mones aCet. 1 aYogyakartabKanisiusc2002 a[32] hlmbilusc20x21 cm aJudul asli : Five Breads and two small fish aBacaan anak-anak aMones, Isidre aIndah, M.Ivonna aYOPDYOG(M) a2002-372 Cb-D.11 a2002-372h Cb-D.11